Normal view
MARC view
- Tohoku Earthquake and Tsunami, Japan, 2011
Entry Topical Term
001 - CONTROL NUMBER
- control field: 101932
003 - CONTROL NUMBER IDENTIFIER
- control field: NUST
005 - DATE AND TIME OF LATEST TRANSACTION
- control field: 20221031121316.0
008 - FIXED-LENGTH DATA ELEMENTS
- fixed length control field: 221031|| aca||aabn | a|a d
040 ## - CATALOGING SOURCE
- Original cataloging agency: NUST
- Transcribing agency: NUST
150 ## - HEADING--TOPICAL TERM
- Topical term or geographic name entry element: Tohoku Earthquake and Tsunami, Japan, 2011
670 ## - SOURCE DATA FOUND
- Source citation: Work cat.: (NUST)0: Natural disaster and nuclear crisis in Japan :, 2012.
